000
00326 a2200157 4500
001
62014
020
_a
9788510054157
040
_c
Anchieta - Pituba
100
_a
Mocellin, Renato
240
1
0
_a
História 6
_l
por
245
1
0
_a
História 6
300
_a
287
362
0
_a
2013
650
4
_a
História do mundo
942
_c
BK
999
_c
62014
_d
62014